| 000 | 00517nam a2200157Ia 4500 | ||
|---|---|---|---|
| 008 | 220216s9999 xx 000 0 und d | ||
| 100 | _aBinghong H | ||
| 245 | 0 | _aSome aspects of structure and development of Hevea brasiliensis in relation to latex production | |
| 260 | _bProceedings of the IRRDB Symposium: Rubber Physiology and Exploitation, China, 1986; p. 85-97 | ||
| 650 | _aEthephon | ||
| 650 | _aHevea brasiliensis | ||
| 650 | _aLatex production | ||
| 650 | _aTapping | ||
| 700 | _aJilin W | ||
| 942 | _cJS | ||
| 999 |
_c68934 _d68934 |
||